00441 2200169 4500001002100000008004100021035002000062245004500082260004200127300002400169020001800193084001400211082000800225650001200233990001300245990001300258INLIS000000000000117 ind  a0010-0921000117 aCerita Rakyat Jawa BaratcTuti A. Windri aJakarta :bSinar Gemilang Abadic2007 a64c15,5 cm x 21 cm a9789799108852 a398 TUT c a398 aFolklor aDI. 2251 aDI. 2271